| 000 | 00743nam a22002177a 4500 | ||
|---|---|---|---|
| 001 | 113923 | ||
| 003 | DR-UNIBE | ||
| 005 | 20250805130509.0 | ||
| 008 | 250723b1997 fr ||||| |||| 00| 0 spa d | ||
| 040 |
_aBIBLIOTECA UNIBE _cBIBLIOTECA UNIBE _erda |
||
| 041 | _aspa | ||
| 082 | _aF 5702 | ||
| 110 | 2 |
_aOrganización de las Naciones Unidas para la Educación, la Ciencia y la Cultura (UNESCO) _945154 |
|
| 245 | 1 | 0 |
_aValentía personificada retratos : _bmaestros en situaciones difíciles |
| 260 |
_aParis : _bOrganización de las Naciones Unidas para la Educación, la Ciencia y la Cultura (UNESCO), _c1997 |
||
| 300 | _a24 páginas | ||
| 650 | _aMaestros | ||
| 653 | 0 | 0 | _aProfesores |
| 653 | 0 | 0 | _aTrabajo del profesor |
| 942 |
_2ddc _cMX |
||
| 999 |
_c113923 _d113923 |
||